Linux: The complete reference (Record no. 108752)

MARC details
000 -LEADER
fixed length control field 00394nam a2200157Ia 4500
008 - FIXED-LENGTH DATA ELEMENTS--GENERAL INFORMATION
fixed length control field 230917s9999||||xx |||||||||||||| ||und||
040 ## - CATALOGING SOURCE
-- 86952
Original cataloging agency VIVEKANANDA LIBRARY
041 ## - Language
-- English
082 ## - DDC NUMBER
Classification number 005.43 P442C
100 ## - MAIN ENTRY--PERSONAL NAME
Personal name Peterson, Richard
245 #0 - TITLE STATEMENT
Title Linux: The complete reference
250 ## - EDITION STATEMENT
Edition statement 4th ed.
260 ## - PUBLICATION, DISTRIBUTION, ETC. (IMPRINT)
Place of publication, distribution, etc New Delhi
Name of publisher, distributor, etc Tata McGraw-Hill
Date of publication, distribution, etc 2001
300 ## - PHYSICAL DESCRIPTION
Pages xxxv, 1257 p.
942 ## - ADDED ENTRY ELEMENTS (KOHA)
Koha item type Books
Holdings
Withdrawn status Lost status Damaged status Not for loan Location (home branch) Sublocation or collection (holding branch) Date acquired Koha issues (times borrowed) Koha full call number Accession No. Koha date last seen Koha item type Shelving location
        VIVEKANANDA LIBRARY VIVEKANANDA LIBRARY 16/04/2003   005.43 P442C 195290 17/09/2023 Books  
        VIVEKANANDA LIBRARY VIVEKANANDA LIBRARY 16/04/2003   005.43 P442C 195291 17/09/2023 Books UIET Library
        VIVEKANANDA LIBRARY VIVEKANANDA LIBRARY 16/04/2003   005.43 P442C 195292 17/09/2023 Books UIET Library
© Designed and Maintained by Vivekananda Library, MDU Rohtak